LIBRARY & INFORMATION CENTRE, KCAET, TAVANUR

ONLINE PUBLIC ACCESS CATALOGUE (OPAC)

Meriyathrajeevan / (Record no. 11965)

MARC details
000 -LEADER
fixed length control field 00330cam a2200133ua 4500
041 ## - LANGUAGE CODE
Language code of text/sound track or separate title hin
082 ## - DEWEY DECIMAL CLASSIFICATION NUMBER
Classification number 891.54
Item number RAH/ME
100 ## - MAIN ENTRY--AUTHOR NAME
Personal name Rahul sankrityan, .
245 ## - TITLE STATEMENT
Title Meriyathrajeevan /
260 ## - PUBLICATION, DISTRIBUTION, ETC. (IMPRINT)
Place of publication :
Name of publisher Kitab Mahal ,
Year of publication 1950.
300 ## - PHYSICAL DESCRIPTION
Number of Pages 783 ; .

No items available.

free website counter